| Tag |
First Indicator |
Second Indicator |
Subfields |
| LEADER |
00000cam a2200000 4500 |
| 001 |
in00000337828 |
| 005 |
20151011052825.0 |
| 008 |
720216r19711900nyub 00100 eng |
| 010 |
|
|
|a 77146377
|
| 020 |
|
|
|a 0405028288
|
| 035 |
|
|
|a (OCoLC)00251978
|
| 035 |
|
|
|9 ABL5096AM
|
| 040 |
|
|
|a DLC
|c DLC
|d TXA
|d UtOrBLW
|
| 043 |
|
|
|a n-cn---
|a n-us---
|
| 049 |
|
|
|a TXAM
|c [1185632]
|
| 050 |
0 |
0 |
|a E199
|b .B8 1971
|
| 082 |
0 |
|
|a 973.2/6
|
| 100 |
1 |
|
|a Bradley, A. G.
|q (Arthur Granville),
|d 1850-1943.
|
| 245 |
1 |
4 |
|a The fight with France for North America.
|
| 264 |
|
1 |
|a [New York] :
|b Arno Press,
|c [1971]
|
| 300 |
|
|
|a xv, 399 pages :
|b maps. ;
|c 23 cm.
|
| 336 |
|
|
|a text
|b txt
|2 rdacontent
|
| 337 |
|
|
|a unmediated
|b n
|2 rdamedia
|
| 338 |
|
|
|a volume
|b nc
|2 rdacarrier
|
| 490 |
1 |
|
|a [The first American frontier]
|
| 500 |
|
|
|a Reprint of the 1900 edition.
|
| 651 |
|
0 |
|a United States
|x History
|y French and Indian War, 1754-1763.
|
| 651 |
|
0 |
|a Canada
|x History
|y 1755-1763.
|
| 830 |
|
0 |
|a First American frontier.
|
| 999 |
|
|
|a MARS
|
| 999 |
f |
f |
|s 295b48b3-5835-3696-a245-353136ca087d
|i 2fee1fe0-2469-30cd-a197-636bf80c023d
|t 0
|
| 952 |
f |
f |
|p ric
|a Texas A&M University
|b Rellis Campus
|c Joint Library Facility
|d Remote Storage
|t 0
|e E199 .B8 1971
|h Library of Congress classification
|i unmediated -- volume
|m A14802197305
|
| 998 |
f |
f |
|a E199 .B8 1971
|t 0
|l Remote Storage
|